History Of The Reang (BRU)/ (Record no. 198222)

MARC details
000 -LEADER
fixed length control field 00521nam a22001817a 4500
005 - DATE AND TIME OF LATEST TRANSACTION
control field 20230915161035.0
010 ## - LCCN (DPL NO)
LC control number ENG-13800
020 ## - INTERNATIONAL STANDARD BOOK NUMBER
International Standard Book Number 9789390434985
Terms of availability 1150.00
035 ## - SYSTEM CONTROL NUMBER
System control number EN-121532
037 ## - SOURCE OF ACQUISITION
Source of stock number/acquisition DBAD/PUB
082 ## - DEWEY DECIMAL CLASSIFICATION NUMBER
Classification number 305.8954
100 ## - MAIN ENTRY--PERSONAL NAME
Personal name Reang Lincoln
245 ## - TITLE STATEMENT
Title History Of The Reang (BRU)/
Statement of responsibility, etc Lincoln Reang
260 ## - PUBLICATION, DISTRIBUTION, ETC. (IMPRINT)
Place of publication, distribution, etc Assam
Name of publisher, distributor, etc EBH Publishers (India)
Date of publication, distribution, etc 2021
270 ## - ADDRESS
Address 136, M.L
City Guwahati
Postal code 500029
300 ## - PHYSICAL DESCRIPTION
Extent 219p
Other physical details Index
Dimensions 24cm(pbk)
942 ## - ADDED ENTRY ELEMENTS (KOHA)
Source of classification or shelving scheme Dewey Decimal Classification
Item type English Books
Classification part 305.8954
Call number suffix REA
Holdings
Withdrawn status Lost status Not for loan Collection code Home library Current library Date acquired Source of acquisition Cost, normal purchase price Full call number Barcode Copy number Cost, replacement price Koha item type
      Non-fiction Sarojini Nagar Sarojini Nagar 15/09/2023 DBAD/PUB 1150.00 305.8954 REA EN-121532 1 1150.00 English Books

© Delhi Public Library
Hit Counter
free hit counter